| 000 | 01106nam a22003377a 4500 | ||
|---|---|---|---|
| 003 | CHAP | ||
| 005 | 20220329133746.0 | ||
| 008 | 971013s1954 r 00010 d | ||
| 010 | _a10446 | ||
| 011 | _a11418 | ||
| 035 | _a10656 | ||
| 040 | _cCHAP | ||
| 082 |
_a581.4 _bB35 |
||
| 100 | 0 | 0 |
_aBailey, Irving Widmer. _99440 |
| 245 | _aContributions to plant anatomy | ||
| 260 |
_aWaltham : _bChronica Botanica, _c1954 |
||
| 300 |
_a259 p. _b: ilus |
||
| 490 |
_aChronica Botanica v.15 _v; 1/6 |
||
| 590 |
_aBATCH-UPD _b10 _c20130110 _lUCH01 _h0155 |
||
| 590 |
_aBATCH-UPD _b10 _c20130110 _lUCH01 _h1049 |
||
| 590 |
_aBATCH-UPD _b10 _c20130410 _lUCH01 _h0646 |
||
| 590 |
_aBATCH-UPD _b10 _c20130914 _lUCH01 _h0325 |
||
| 590 |
_aCONVERSION _b10 _c20130109 _lUCH01 _h1307 |
||
| 650 | 1 | 4 |
_aAnatomía vegetal. _95495 |
| 650 | 1 | 4 |
_aCitología e histología vegetales. _923495 |
| 830 | 0 |
_aChronica Botanica v.15 _v; 1/6 _922945 |
|
| 901 | _aBK | ||
| 942 | _cLIBRO | ||
| 949 |
_a581.4 B35 _bBC _cLIBRO _d33724000539532 _eLIBRO _h9417 _i10656 _si |
||
| 949 |
_a581.4 B35 _bBC _cLIBRO _d33724000539540 _eLIBRO _fc.2 _h5230 _i10656 _si |
||
| 999 |
_c10446 _d10446 |
||